000 00594nam a2200205Ii 4500
003 JO-AjNU
008 230606s9999||||xx |||||||||||||| ||und||
020 _a81-7835-478-0
040 _aJO-AjNU
_beng
_erda
_cJO-AjNU
041 _aeng
050 1 4 _aQA279.3.2006
100 3 _aAgarwal,Manu,
_eauthor
_91527
245 0 0 _aSolved Numerical Oroblems in Financial Management
264 3 1 _aDelhi:Kapaz ,2006
300 _a148p
_bBIBLIOGRAPHY
336 _atext
_btxt
_2rdacontent
337 _aunmediated
_bn
_2rdamedia
338 _avolume
_bnc
_2rdacarrier
650 4 _a Numerical solutions
_91528
999 _aE803
_c803
_d803